000 01327nam a2200337 a 4500
001 ebr10671048
003 CaPaEBR
006 m u
007 cr cn|||||||||
008 091203s2009 nyua sb 001 0 eng d
010 _z 2009368266
020 _z1606929321
020 _z9781606929322
020 _z9781614703488 (e-book)
040 _aCaPaEBR
_cCaPaEBR
035 _a(OCoLC)761314170
043 _an-us---
050 1 4 _aRA644.I6
_bB73 2009eb
100 1 _aBradley, Nancy T.
245 1 0 _aNational strategy for influenza pandemic
_h[electronic resource] /
_cNancy T. Bradley.
260 _aNew York :
_bNova Science Publishers,
_cc2009.
300 _aviii, 268 p. :
_bill.
504 _aIncludes bibliographical references (p. [247]-249) and index.
533 _aElectronic reproduction.
_bPalo Alto, Calif. :
_cebrary,
_d2013.
_nAvailable via World Wide Web.
_nAccess may be limited to ebrary affiliated libraries.
650 0 _aInfluenza
_xPrevention
_xGovernment policy
_zUnited States.
650 0 _aHealth planning
_zUnited States.
650 0 _aPublic health administration
_zUnited States.
655 7 _aElectronic books.
_2local
710 2 _aebrary, Inc.
856 4 0 _uhttp://site.ebrary.com/lib/rucke/Doc?id=10671048
_zAn electronic book accessible through the World Wide Web; click to view
999 _c62249
_d62249